Thực nghiệm nitrat hóa nước thải của nhà máy chế biến tôm : Luận văn tốt nghiệp đại học chuyên ngành Khoa học Môi trường

Tallennettuna:
Bibliografiset tiedot
Päätekijä: Lâm, Nguyễn Ngọc Hoa
Aineistotyyppi: Kirja
Kieli:Undetermined
Julkaistu: Cần Thơ Trường Đại học Cần Thơ 2010
Aiheet:
Tagit: Lisää tagi
Ei tageja, Lisää ensimmäinen tagi!
Thư viện lưu trữ: Trung tâm Học liệu Trường Đại học Cần Thơ
LEADER 00854nam a2200205Ia 4500
001 CTU_164683
008 210402s9999 xx 000 0 und d
082 |a 628.4 
082 |b H401 
100 |a Lâm, Nguyễn Ngọc Hoa 
245 0 |a Thực nghiệm nitrat hóa nước thải của nhà máy chế biến tôm : 
245 0 |b Luận văn tốt nghiệp đại học chuyên ngành Khoa học Môi trường 
245 0 |c Lâm Nguyễn Ngọc Hoa ; Lê Anh Kha (cán bộ hướng dẫn) 
260 |a Cần Thơ 
260 |b Trường Đại học Cần Thơ 
260 |c 2010 
650 |a Wastewater,Shrimps,Nitrification,Nước thải,Nitrat hóa,Tôm 
650 |x Processing,Chế biến 
904 |i Bạch Trúc 
980 |a Trung tâm Học liệu Trường Đại học Cần Thơ